00575 2200205 4500245005600000020001800056250001100074100001900085700001700104700001800121650001700139005001900156260004200175041001400217084001300231300003400244500007100278336000900349338001100358 aSong For My Sweet Home Vol. 5cFujimoto, YukihText a9786023391301 aCet. 1 aFujimoto, Yuki aYoke Yuliana aDewi Angraini aKomik Jepang a20230131085727 aJakartabGramedia Pustaka Utamac2015 aIndonesia a741.5592 a... jil. :bilus. ;c17,5 cm. aJudul asli : Tadaima No Uta Vol. 5Diterjemahkan dari bahasa Jepang atext avolume